01196nam a2200301 u 45000010006000000050017000060080041000230200018000640350010000820350021000920400013001130410008001260800006001340820008001401000097001482450046002452500017002912600028003083000018003364900029003545200324003836500042007076500033007496500022007826500029008046500026008336500035008597537520260504071807.0960313s1994 spa  a9789589362068 a75375 a(OCoLC)778209143 ccomduadb aspa aO 4a37010aCajiao Restrepo, Francisco Aurelio,d1947-4aut0(isni)00000001161731820(viaf)33706040eaut10aPoder y justicia en la escuela colombiana a1. edición aBogotá :bFes,c1994. a204 páginas0 aVida escolar en colombia3 aRESUMEN : El texto explora el proceso de generación de las inconsistencias que se perciben en la vida escolar desde una perspectiva histórica, a fin de buscar caminos de explicación a las dificultades de cambio que se perciben en el aparato escolar, no sólo en Colombia, sino también en otras partes del mundo 7aEducaciónxHistoriazColombia2lemb aSistema educativo - Colombia aConflicto escolar 7aDisciplina escolar2lemb 7aJusticia social2lemb 7aSolución de conflictos2lemb